Online
Catalog

Recetas dominicanas : (Record no. 23824)

MARC details
000 -CABECERA
campo de control de longitud fija 00988nam a2200277 a 4500
001 - NÚMERO DE CONTROL
campo de control 000024331
003 - IDENTIFICADOR DEL NÚMERO DE CONTROL
campo de control DO-SdBNP
005 - FECHA Y HORA DE LA ÚLTIMA TRANSACCIÓN
campo de control 20211006115929.0
008 - DATOS DE LONGITUD FIJA--INFORMACIÓN GENERAL
campo de control de longitud fija 110126t2010 dr r 000 0 spa d
040 ## - FUENTE DE LA CATALOGACIÓN
Centro catalogador/agencia de origen DO-SdBNP
Lengua de catalogación spa
Centro/agencia transcriptor BNPHU
082 #4 - NÚMERO DE LA CLASIFICACIÓN DECIMAL DEWEY
Número de clasificación BNPHU 641.597293
Número de documento/Ítem M425r
100 1# - ENTRADA PRINCIPAL--NOMBRE DE PERSONA
Nombre de persona Mata, Delcy
9 (RLIN) 49908
245 10 - MENCIÓN DE TÍTULO
Título Recetas dominicanas :
Resto del título el mágico secreto de la cocina criolla /
Mención de responsabilidad, etc. Delcy Mata ; presentación José Rafael Sosa.
246 13 - FORMA VARIANTE DE TÍTULO
Título propio/Titulo breve El secreto mágico de la cocina criolla :
Resto del título recetas dominicanas
260 ## - PUBLICACIÓN, DISTRIBUCIÓN, ETC.
Lugar de publicación, distribución, etc. Santo Domingo :
Nombre del editor, distribuidor, etc. Alas,
Fecha de publicación, distribución, etc. 2010.
300 ## - DESCRIPCIÓN FÍSICA
Extensión 191 p. ;
Otras características físicas 22 cm.
500 ## - NOTA GENERAL
Nota general Incluye datos biográficos de la autora en las solapas.
500 ## - NOTA GENERAL
Nota general La biblioteca posee v.1.
590 ## - NOTA LOCAL (RLIN)
Nota local Inventariado, 2018/BT
650 14 - PUNTO DE ACCESO ADICIONAL DE MATERIA--TÉRMINO DE MATERIA
Término de materia o nombre geográfico como elemento de entrada Cocina dominicana
9 (RLIN) 192
650 14 - PUNTO DE ACCESO ADICIONAL DE MATERIA--TÉRMINO DE MATERIA
Término de materia o nombre geográfico como elemento de entrada Preparación de alimentos
9 (RLIN) 193
700 1# - PUNTO DE ACCESO ADICIONAL--NOMBRE DE PERSONA
Nombre de persona Sosa, José Rafael
9 (RLIN) 64
740 ## - PUNTO DE ACCESO ADICIONAL--TÍTULO RELACIONADO O ANALÍTICO NO CONTROLADO
Título relacionado o analítico no controlado El secreto mágico de la cocina criolla.
910 ## - DATOS DE OPCIÓN DEL USUARIO (OCLC)
Datos de opción del usuario Validado. Control de calidad. EMS
942 ## - ELEMENTOS DE PUNTO DE ACCESO ADICIONAL (KOHA)
Fuente del sistema de clasificación o colocación Dewey Decimal Classification
Tipo de ítem Koha Libro
Holdings
Estado de retiro Estado de pérdida Fuente del sistema de clasificación o colocación No para préstamo Código de colección Localización permanente Ubicación/localización actual Ubicación en estantería Fecha de adquisición Número de inventario Total de préstamos Signatura topográfica completa Código de barras Fecha visto por última vez Número de copia Precio válido a partir de Tipo de ítem Koha Fuente de adquisición
    Dewey Decimal Classification Préstamo en sala Dominicana de Servicio Biblioteca Nacional Pedro Henríquez Ureña Dominicana Depósito 26.01.2011 LF1   BNPHU DS 641.597293 M425r 24331-30 25.06.2020 e.3 25.06.2020 Libro y Folleto Colección Dominicana de Servicio  
    Dewey Decimal Classification Excluido de préstamo Monografías: Libros y Folletos Biblioteca Nacional Pedro Henríquez Ureña Dominicana Depósito 25.11.2020     BNPHU DS 641.597293 M425r   25.11.2020 e. 4 25.11.2020 Libro Donación / Nieves L. Emeterio Rondón
    Dewey Decimal Classification Excluido de préstamo Patrimonio Dominicano Biblioteca Nacional Pedro Henríquez Ureña Patrimonio Dominicano Depósito 26.01.2011 LF1   BNPHU PD 641.597293 M425r 24331-10 25.06.2020   25.06.2020 Libro y Folleto Colección Patrimonio Dominicano  
    Dewey Decimal Classification Excluido de préstamo Patrimonio Dominicano Biblioteca Nacional Pedro Henríquez Ureña Patrimonio Dominicano Depósito 26.01.2011 LF1   BNPHU PD 641.597293 M425r 24331-20 25.06.2020 e.2 25.06.2020 Libro y Folleto Colección Patrimonio Dominicano  

Powered by Koha